[Event "US Chess League 2011"]
[Site "ICC INT"]
[Date "2011.09.26"]
[Round "5"]
[White "Benjamin,Joe"]
[Black "Schroer,J"]
[Result "1-0"]
[WhiteElo "2552"]
[BlackElo "2359"]

1.e4 d5 2.exd5 Qxd5 3.Nc3 Qa5 4.Bc4 c6 5.Qe2 Bf5 6.d3 Nf6 7.Bd2 Qc7 8.h3 e6
9.g4 Bg6 10.f4 Be7 11.Nf3 Nbd7 12.O-O-O b5 13.Bb3 a5 14.Rde1 Nc5 15.f5 exf5
16.Nd4 O-O-O 17.gxf5 Rxd4 18.fxg6 Nxb3+ 19.axb3 Bb4 20.Qf2 Rd7 21.gxf7 Rxf7
22.Rhf1 Rhf8 23.Qg2 Bxc3 24.Bxc3 Nd5 25.Rxf7 Rxf7 26.Re8+ Kd7 27.Re4 Kc8
28.Re8+ Kd7 29.Re4 Kc8 30.Be5 Qd7 31.Bh2 Qf5 32.Re1 Kb7 33.Bg1 g5 34.Kb1 h5
35.Qd2 b4 36.Ka2 Qf4 37.Qg2 a4 38.Re4 Qc1 39.bxa4 Rf1 40.Bd4 Rd1 41.Qf2 Rd2
42.Qf7+ Nc7 43.Be5 Qxc2 44.Qxc7+ Ka6 45.Qc8+ Ka5 46.Bc7+ Kxa4 47.Qa6+  1-0

[Event "US Chess League 2011"]
[Site "ICC INT"]
[Date "2011.10.03"]
[Round "6"]
[White "Benjamin,Joe"]
[Black "Khachiyan,M"]
[Result "1-0"]
[WhiteElo "2552"]
[BlackElo "2481"]

1.e4 e5 2.Nf3 Nc6 3.Bb5 f5 4.d3 fxe4 5.dxe4 Nf6 6.Be3 Be7 7.Bc4 Na5 8.Qd3 Nxc4
9.Qxc4 c6 10.Nc3 d5 11.exd5 cxd5 12.Qb3 e4 13.Ne5 O-O 14.O-O-O Be6 15.Qxb7 Rb8
16.Qa6 Qd6 17.Qxd6 Bxd6 18.Nc6 Rb7 19.h3 a6 20.g4 Rc8 21.Nd4 Bf7 22.Nf5 Ba3
23.Na4 Bf8 24.Bd4 Ne8 25.Ne3 Nc7 26.Bc5 Rd8 27.Bxf8 Kxf8 28.Nc5 Rb6 29.Nxe4 d4
30.Nf5 Ne6 31.Rd2 g6 32.Nfg3 Nf4 33.Ne2 Nxe2+ 34.Rxe2 Bxa2 35.Rd2 a5 36.Rhd1 Rdb8
37.b3 a4 38.Nc5 axb3 39.Nd7+ Kf7 40.Nxb6 Rxb6 41.cxb3 Bxb3 42.Re1 Rd6 43.Kb2 Bc4
44.Re4 Rb6+ 45.Kc1 Bf1 46.Rdxd4 Bxh3 47.Rd7+ Kf6 48.Rxh7 Bg2 49.Ra4 Bc6 50.Rc4 Bd5
51.Rc5 Bf3 52.g5+ Ke6 53.Rh4 Bd5 54.Rd4 Ba2 55.f4 Bb1 56.Re5+ Kf7 57.Rd7+ Kf8
58.Rd8+ Kf7 59.Rd7+ Kf8 60.Ree7 Bf5 61.Rf7+ Ke8 62.Rde7+ Kd8 63.Ra7  1-0

[Event "US Chess League 2011"]
[Site "ICC INT"]
[Date "2011.10.26"]
[Round "9"]
[White "Benjamin,Joe"]
[Black "Kacheishvili,G"]
[Result "0-1"]
[WhiteElo "2552"]
[BlackElo "2589"]

1.d4 Nf6 2.c4 e6 3.Nc3 Bb4 4.e3 O-O 5.Bd3 d5 6.cxd5 exd5 7.Ne2 Re8 8.Bd2 Bf8
9.O-O b6 10.Nf4 c5 11.Qf3 Bb7 12.dxc5 bxc5 13.Rfd1 Nbd7 14.Qh3 g6 15.Bb5 Re5
16.Nce2 Nb6 17.Bc3 Rg5 18.a4 Rb8 19.Bd3 Bg7 20.Qh4 h6 21.f3 Qe8 22.a5 Na4
23.Qf2 Bc6 24.h4 Nxc3 25.Nxc3 Re5 26.Re1 c4 27.Bf1 Bf8 28.Nfe2 Rxb2 29.Rab1 Rxb1
30.Rxb1 Rxe3 31.Ne4 Nxe4 32.fxe4 Qxe4 33.Rb8 Kg7 34.h5 g5 35.Ng3 Rxg3 36.Qxg3 Bc5+
37.Kh1 Qd4 38.Qh2 Bd7 39.Rb7 Bg4 40.Rc7 Be6 41.a6 Qe3 42.Rxc5 Qxc5 43.Qe5+ Kh7
44.Be2 Qa3 45.Bd1 Qc1 46.Qd4 Kg8 47.Kg1 c3  0-1

[Event "US Chess League 2011"]
[Site "ICC INT"]
[Date "2011.11.02"]
[Round "10"]
[White "Benjamin,Joe"]
[Black "Perelshteyn,E"]
[Result "1-0"]
[WhiteElo "2552"]
[BlackElo "2534"]

1.e4 e5 2.Nf3 Nc6 3.Bb5 a6 4.Ba4 Nf6 5.O-O b5 6.Bb3 Bc5 7.a4 Rb8 8.c3 d6
9.d4 Bb6 10.a5 Ba7 11.Be3 O-O 12.dxe5 Bxe3 13.exf6 Bh6 14.fxg7 Bxg7 15.Qd5 Ne5
16.Nxe5 dxe5 17.Qc5 Kh8 18.Na3 f5 19.Rad1 Qg5 20.Bd5 f4 21.f3 Bh3 22.Rf2 Rfd8
23.Rfd2 Bf8 24.Qf2 Bd6 25.Nc2 Bd7 26.Nb4 Bxb4 27.cxb4 Qe7 28.Qc5 Qxc5+ 29.bxc5 Be8
30.b4 Kg7 31.Kf2 Kf6 32.g3 Ke7 33.Bb3 Rxd2+ 34.Rxd2 Bc6 35.Bd5 Bd7 36.Rd1 c6
37.Bb3 Rf8 38.Rg1 h6 39.gxf4 Rxf4 40.Rg7+ Ke8 41.Kg3 Rf6 42.h4 Kd8 43.Rg8+ Be8
44.Rh8 Rg6+ 45.Kf2 Rf6 46.Ke3 Ke7 47.Rh7+ Kd8 48.Ra7 Rg6 49.Rxa6 Rg1 50.Ra8+ Ke7
51.Ra7+ Bd7 52.Bf7 Rb1 53.Bg6 Rb3+ 54.Kf2 Kd8 55.Bf5 Be8 56.Rh7 Rxb4 57.a6 Ra4
58.a7 b4 59.Be6  1-0

[Event "Washington International 2012"]
[Site "Rockville USA"]
[Date "2012.07.28"]
[Round "2"]
[White "Benjamin,Joe"]
[Black "Gu,Christopher"]
[Result "0-1"]
[WhiteElo "2559"]
[BlackElo "2225"]

1.d4 Nf6 2.c4 e6 3.Nc3 Bb4 4.e3 c5 5.Bd3 Nc6 6.Ne2 cxd4 7.exd4 d5 8.cxd5 Nxd5
9.O-O O-O 10.Bc2 Be7 11.Qd3 g6 12.Qf3 Bf6 13.Rd1 Bg7 14.Be4 Nxc3 15.bxc3 Bd7
16.Rb1 Qc8 17.h3 f5 18.Bc2 e5 19.Ba3 Re8 20.Bb3+ Kh8 21.Bf7 Rd8 22.Qg3 Be6
23.Bxe6 Qxe6 24.Rd2 Na5 25.Rc2 Nc4 26.Bc1 b6 27.Bg5 Rd7 28.Rd1 Rc8 29.Bc1 Nd6
30.Qe3 Qd5 31.Kh2 f4 32.Qd3 e4 33.Qa6 f3 34.Ng3 fxg2 35.Bf4 Rf8 36.c4 Qf7
37.Be3 Nf5 38.Nxf5 gxf5 39.Bf4 Rxd4 40.Rg1 Rd3 41.Rxg2 Rxh3+ 42.Kxh3 Qh5+
43.Kg3 Rg8  0-1

[Event "Washington International 2012"]
[Site "Rockville USA"]
[Date "2012.07.29"]
[Round "3"]
[White "Colas,Joshua"]
[Black "Benjamin,Joe"]
[Result "1/2-1/2"]
[WhiteElo "2126"]
[BlackElo "2559"]

1.d4 Nf6 2.c4 e6 3.Nc3 Bb4 4.f3 O-O 5.e4 d5 6.cxd5 exd5 7.e5 Nfd7 8.a3 Bxc3+
9.bxc3 f6 10.exf6 Qxf6 11.Bd3 Nb6 12.Qc2 Bf5 13.Bxf5 Qxf5 14.Qxf5 Rxf5 15.Rb1 Nc6
16.Ne2 Na5 17.Kf2 Nac4 18.Re1 Re8 19.Ng3 Rxe1 20.Kxe1 Rf6 21.Ne2 Rf8 22.Kf2 c6
23.Rb4 Nd6 24.Bf4 Ndc4 25.Bc1 Nc8 26.Rb3 N8d6 27.Bf4 Nf5 28.a4 b6 29.g3 h6
30.h4 g6 31.Rb1 Kh7 32.Rb3 Ng7 33.Rb1 Ne6 34.Bc1 g5 35.hxg5 hxg5 36.Kg2 Kg6
37.Ra1 c5 38.dxc5 Nxc5 39.Nd4 Nd3 40.f4 Nxc1 41.Rxc1 gxf4 42.gxf4 Rxf4 43.Nc6 Ne3+
44.Kg3 Rxa4 45.Kf3 Nc4 46.Ne7+ Kf6 47.Nxd5+ Ke6 48.Nf4+ Kd6 49.Rd1+ Kc6 50.Nd5 Ra3
51.Ke4 Kc5 52.Ne7 Nd6+ 53.Kd3 Nb5 54.Rc1 a5 55.Nf5 a4 56.Ne3 Rb3 57.Nd1 Nd6
58.Kc2 Nc4 59.Ra1 b5 60.Ra2 Na3+  1/2-1/2

[Event "Washington International 2012"]
[Site "Rockville USA"]
[Date "2012.07.29"]
[Round "4"]
[White "Benjamin,Joe"]
[Black "Liang,Awonder"]
[Result "0-1"]
[WhiteElo "2559"]
[BlackElo "1922"]

1.e4 c5 2.Nf3 d6 3.Bc4 Nf6 4.d3 e6 5.Bb3 Be7 6.O-O O-O 7.c3 Nc6 8.Re1 e5
9.Nbd2 Be6 10.Nf1 Qd7 11.Ng3 Rfe8 12.h3 h6 13.Ba4 a6 14.d4 b5 15.Bc2 cxd4
16.cxd4 exd4 17.Nxd4 Nxd4 18.Qxd4 Qc7 19.Qd3 Rac8 20.Bb3 Bf8 21.Bd2 Nd7 22.Bxe6 Rxe6
23.Rac1 Qb8 24.Rxc8 Qxc8 25.Nf5 Ne5 26.Qc3 Qxc3 27.Bxc3 Nd3 28.Re3 Nc5 29.f3 g6
30.Nd4 Re8 31.Nc2 Bg7 32.Bxg7 Kxg7 33.b3 Kf6 34.Nb4 Kg5 35.Nd5 h5 36.b4 Na4
37.f4+ Kh6 38.g4 Rc8 39.g5+ Kg7 40.Rd3 Nb2 41.Rd4 Rc1+ 42.Kf2 Rc2+ 43.Kg3 Nc4
44.Nc7 Rc3+ 45.Kh2 Rc2+ 46.Kg3 Rc3+ 47.Kh2 Rc2+ 48.Kg3  0-1

[Event "Washington International 2012"]
[Site "Rockville USA"]
[Date "2012.07.30"]
[Round "5"]
[White "Barnett,A"]
[Black "Benjamin,Joe"]
[Result "1/2-1/2"]
[WhiteElo "2243"]
[BlackElo "2559"]

1.e4 e5 2.Nc3 Nf6 3.f4 d5 4.fxe5 Nxe4 5.Nf3 Be7 6.Qe2 f5 7.d3 Nc5 8.Qf2 O-O
9.Ne2 Ne6 10.Nf4 c5 11.c4 dxc4 12.dxc4 Nd4 13.Nxd4 cxd4 14.Bd2 Nc6 15.O-O-O Nxe5
16.Bc3 Nc6 17.Bxd4 Nxd4 18.Qxd4 Qxd4 19.Rxd4 Bc5 20.Rd3 g5 21.Nd5 Rf7 22.b4 Bf8
23.Be2 g4 24.h3 h5 25.hxg4 hxg4 26.c5 Be6 27.Nf4 Bc4 28.Re3 Bxe2 29.Rxe2 a5
30.Rh5 axb4 31.Rg5+ Kh7 32.Rh5+ Kg8 33.Rg5+ Bg7 34.Nh5 Rc8 35.Re5 b6 36.Nxg7 Rxg7
37.Rgxf5  1/2-1/2

[Event "Washington International 2012"]
[Site "Rockville USA"]
[Date "2012.07.30"]
[Round "6"]
[White "Benjamin,Joe"]
[Black "Vasilyev,M"]
[Result "1-0"]
[WhiteElo "2559"]
[BlackElo "2267"]

1.d4 Nf6 2.c4 g6 3.Nf3 Bg7 4.g3 O-O 5.Bg2 d6 6.O-O Nc6 7.Nc3 Bf5 8.b3 Ne4
9.Na4 Qd7 10.Bb2 Nf6 11.Re1 Rad8 12.Nc3 Bh3 13.Bh1 h6 14.d5 Na5 15.Qd2 c5
16.e4 Ng4 17.Nd1 Qc7 18.Bxg7 Kxg7 19.Nh4 Nf6 20.f4 Bc8 21.e5 dxe5 22.fxe5 Nh7
23.Qc3 e6 24.Nf2 a6 25.Rab1 b6 26.a3 Bd7 27.Ng2 Rb8 28.Nf4 Rg8 29.Ne4 Nb7
30.Rbd1 Rbd8 31.Nd6 Rb8 32.dxe6 Bxe6 33.Nxe6+ fxe6 34.Nxb7 Rxb7 35.Bxb7 Qxb7
36.Qd2 Qf3 37.Re3 Qg4 38.Qe2 Qh3 39.Qf1 Qg4 40.Qf3 Qh5 41.Rd7+ Kh8 42.h4  1-0

[Event "Washington International 2012"]
[Site "Rockville USA"]
[Date "2012.07.31"]
[Round "7"]
[White "Rosen,E"]
[Black "Benjamin,Joe"]
[Result "0-1"]
[WhiteElo "2328"]
[BlackElo "2559"]

1.c4 e5 2.Nc3 Bb4 3.Nd5 Bc5 4.b4 Bd4 5.Rb1 c6 6.e3 Bb6 7.Nxb6 axb6 8.Bb2 d6
9.a3 Nf6 10.Nf3 O-O 11.Be2 c5 12.O-O Nc6 13.Qb3 Bg4 14.Kh1 Ne4 15.Rbd1 f5
16.d4 Qe7 17.b5 Nd8 18.dxe5 dxe5 19.Ng1 Qh4 20.g3 Qh5 21.Qc2 Bxe2 22.Qxe2 Qxe2
23.Nxe2 Nf7 24.f3 Ned6 25.Rc1 Rfd8 26.Rfd1 Nxc4 27.Rxd8+ Rxd8 28.Rxc4 Rd2
29.Ra4 g6 30.Nc3 Ng5 31.Ra8+ Kf7 32.Kg1 Nxf3+ 33.Kf1 Nxh2+ 34.Ke1 Nf3+ 35.Kf1 Nh2+
36.Ke1 Nf3+ 37.Kf1 Rxb2 38.Rb8 Nd2+ 39.Ke1 Nc4 40.Rxb7+ Ke6 41.a4 Rc2 42.Nd1 h5
43.Rc7 Kd5 44.Rg7 Ke4 45.Rxg6 Kf3 46.Rg5  0-1

[Event "Washington International 2012"]
[Site "Rockville USA"]
[Date "2012.07.31"]
[Round "8.4"]
[White "Benjamin,Joe"]
[Black "Sarkar,J"]
[Result "1-0"]
[WhiteElo "2559"]
[BlackElo "2396"]

1.Nf3 c5 2.e4 d6 3.c3 Nf6 4.h3 Nbd7 5.Bd3 b6 6.O-O Bb7 7.Re1 Qc7 8.Bc2 Rc8
9.Na3 e6 10.d4 cxd4 11.Nb5 Qc5 12.Nbxd4 h6 13.Bf4 e5 14.Nb3 Qc7 15.Bg3 Be7
16.Nbd2 O-O 17.Nf1 Rfe8 18.Bh4 d5 19.Bxf6 Nxf6 20.exd5 Nxd5 21.Qd3 g6 22.Rxe5 Red8
23.Bb3 Nf4 24.Qe3 Bd6 25.Qxf4 Bxf3 26.Rae1 Bxe5 27.Rxe5 Bd1 28.Ne3 Bxb3  1-0

[Event "Washington International 2012"]
[Site "Rockville USA"]
[Date "2012.07.31"]
[Round "8.4"]
[White "Benjamin,Joe"]
[Black "Sarkar,J"]
[Result "1-0"]
[WhiteElo "2559"]
[BlackElo "2396"]

1.Nf3 c5 2.e4 d6 3.c3 Nf6 4.h3 Nbd7 5.Bd3 b6 6.O-O Bb7 7.Re1 Qc7 8.Bc2 Rc8
9.Na3 e6 10.d4 cxd4 11.Nb5 Qc5 12.Nbxd4 h6 13.Bf4 e5 14.Nb3 Qc7 15.Bg3 Be7
16.Nbd2 O-O 17.Nf1 Rfe8 18.Bh4 d5 19.Bxf6 Nxf6 20.exd5 Nxd5 21.Qd3 g6 22.Rxe5 Red8
23.Bb3 Nf4 24.Qe3 Bd6 25.Qxf4 Bxf3 26.Rae1 Bxe5 27.Rxe5 Bd1 28.Ne3 Bxb3 29.axb3 Rd6
30.Qe4 Kg7 31.c4 Qc6 32.Nd5 Re6 33.Qd4 f6 34.Rxe6 Qxe6 35.Nf4 Qe1+ 36.Kh2 Re8
37.g3 Qe5 38.Qd3 f5 39.Qd7+ Qe7 40.Qc6 Qf7 41.Qd6 Re4 42.Nd5 g5 43.Kg2 Re2
44.Ne3 Rxb2 45.Qd3 f4 46.Ng4 Ra2 47.Qd6 Qb7+ 48.Kh2 fxg3+ 49.Kxg3 Qe4 50.Qxh6+ Kf7
51.Qxg5 Qd3+ 52.f3 Qc3 53.Ne5+ Ke8 54.Qg8+ Ke7 55.Qf7+ Kd6 56.Qd7+  1-0

[Event "US Chess League 2012"]
[Site "ICC INT"]
[Date "2012.09.19"]
[Round "3"]
[White "Benjamin,Joe"]
[Black "Fisher,William"]
[Result "1/2-1/2"]
[WhiteElo "2530"]
[BlackElo "2225"]

1.e4 e5 2.Nf3 Nf6 3.Nxe5 d6 4.Nf3 Nxe4 5.Bd3 Nf6 6.h3 Be7 7.O-O O-O 8.Re1 Nc6
9.Bb5 a6 10.Bxc6 bxc6 11.Nd4 Bd7 12.Qf3 d5 13.d3 c5 14.Nf5 Bxf5 15.Qxf5 c6
16.Bg5 h6 17.Bh4 Re8 18.Nc3 Nd7 19.Bxe7 Rxe7 20.Qf4 Rxe1+ 21.Rxe1 Nf8 22.Qd2 Nd7
23.b3 Nf8 24.Na4 Nd7 25.Qf4 Qb8 26.Qxb8+ Rxb8 27.c4 d4 28.f4 g6 29.Kf2 Kf8
30.Kf3 Re8 31.Rxe8+ Kxe8 32.Nb2 Ke7 33.Nd1 Ke6 34.Nf2 h5 35.Ne4 f6 36.g3 Ke7
37.g4 hxg4+ 38.hxg4 f5 39.Ng3 Kf6 40.g5+ Ke7 41.Nf1 Kd6 42.Nd2 Kc7 43.Kf2 Kb6
44.Nf3 Ka5 45.a3 Kb6 46.Ke2 a5 47.Kd2 Kb7 48.Kc2 Kc7 49.Kb2 Kc8 50.Kc1 Kc7
51.Kd2 Kb7 52.Kc2 Kc7 53.Kd2 Kc8 54.Kc2 Kc7 55.Kd2 Kc8 56.Kc2 Kc7  1/2-1/2

[Event "US Chess League 2012"]
[Site "ICC INT"]
[Date "2012.09.24"]
[Round "4"]
[White "Benjamin,Joe"]
[Black "Schroer,J"]
[Result "1/2-1/2"]
[WhiteElo "2530"]
[BlackElo "2353"]

1.e4 e5 2.Nf3 Nf6 3.Nc3 Nc6 4.Bb5 Nd4 5.Bc4 Bc5 6.d3 d6 7.Na4 Bb6 8.Nxb6 axb6
9.Nxd4 exd4 10.Bg5 h6 11.Bh4 Qe7 12.O-O g5 13.Bg3 Ng4 14.Bd5 h5 15.h3 h4
16.Bxd6 Qxd6 17.hxg4 Qf4 18.Qf3 c6 19.Bb3 Bxg4 20.Qxf4 gxf4 21.f3 Be6 22.Kf2 Ke7
23.Rh1 Kf6 24.Ke2 Ra5 25.Rh2 Kg5 26.Kd2 Bxb3 27.cxb3 Rha8 28.a3 Rb5 29.Kc2 Rc5+
30.Kd2 Rb5 31.Rah1 Rh8 32.Kc2 Rc5+ 33.Kd2 Rb5 34.Kc2 Rc5+ 35.Kb1 Rb5 36.b4 c5
37.bxc5 bxc5 38.Rc1 Rh6 39.Ka2 Rhb6 40.Rc2 Ra6 41.Rh1 b6 42.Rc4 Ra8 43.a4 Rba5
44.b3 Rg8 45.Ka3 Rga8  1/2-1/2

[Event "US Chess League 2012"]
[Site "ICC INT"]
[Date "2012.10.01"]
[Round "5"]
[White "Benjamin,Joe"]
[Black "Vovsha,E"]
[Result "1-0"]
[WhiteElo "2530"]
[BlackElo "2483"]

1.d4 Nf6 2.Nf3 g6 3.Bg5 Bg7 4.c3 O-O 5.Nbd2 d5 6.e3 Nbd7 7.Be2 b6 8.O-O Bb7
9.a4 a6 10.Bh4 c5 11.Ne5 Nxe5 12.dxe5 Ne4 13.Nxe4 dxe4 14.e6 f6 15.Bc4 Bc6
16.Qb3 Qc7 17.Rfd1 Qb7 18.Bg3 Rad8 19.Rxd8 Rxd8 20.Rd1 Rxd1+ 21.Qxd1 b5 22.axb5 axb5
23.Qd8+ Bf8 24.Be2 c4 25.Bf4 Qa8 26.Qb6 Qc8 27.h4 Qxe6 28.Qb8 Kf7 29.Qb6 Qd7
30.Bg4 f5 31.Be2 Bg7 32.h5 Bf6 33.hxg6+ hxg6 34.g4 g5 35.Bg3 e6 36.Qc5 Qd5
37.Qa7+ Qd7 38.Qb8 Qd8 39.Qa7+ Qe7 40.Qb8 Qb7 41.Qd6 Be7 42.Qd4 Qd7 43.Qh8 Qd2
44.Qh5+ Kf8 45.gxf5 exf5 46.Qh8+ Kf7 47.Bh5+ Ke6 48.Qe5+ Kd7 49.Qc7+  1-0

[Event "US Chess League 2012"]
[Site "ICC INT"]
[Date "2012.10.09"]
[Round "6"]
[White "Benjamin,Joe"]
[Black "Priyadharshan,K"]
[Result "0-1"]
[WhiteElo "2530"]
[BlackElo "2407"]

1.e4 c5 2.c3 Nf6 3.e5 Nd5 4.Nf3 Nc6 5.Bc4 Nb6 6.Bb3 c4 7.Bc2 Qc7 8.Qe2 g5
9.Nxg5 Qxe5 10.d4 cxd3 11.Bxd3 Qxe2+ 12.Bxe2 h6 13.Nf3 Bg7 14.Na3 O-O 15.O-O d5
16.Rd1 Bf5 17.Be3 e6 18.Nb5 Na4 19.Rd2 Rfd8 20.Bd1 Nb6 21.b3 Nc8 22.Rc1 N8e7
23.Be2 e5 24.Bc5 Rd7 25.Rcd1 a6 26.Na3 Be6 27.g3 Rad8 28.Nc2 Nf5 29.Ne3 Nxe3
30.Bxe3 Ne7 31.Bc5 Nf5 32.Bb4 Nd6 33.Ba5 Ne4 34.Bxd8 Nxd2 35.Ba5 Nxf3+ 36.Bxf3 Bf8
37.Bg2 Bc5 38.c4 b6 39.Bc3 d4 40.Bd2 Kg7 41.Re1 f6 42.f4 d3+ 43.Kf1 Bd4 44.Rc1 Bg4
45.Be4 f5 46.Bxd3 Bc5 47.b4 Be7 48.c5 bxc5 49.bxc5 Rxd3 50.c6 Rd8 51.c7 Rc8
52.fxe5 Bf3 53.Ba5 Bd5 54.Rb1 Bxa2 55.Rb8 Be6 56.Ke2 Kf7 57.Kd3 Bc5 58.Rb1 Ke7
59.Rc1 Ba7 60.Rc6 Bg1 61.Bb4+ Kf7 62.Rc2 Bd5 63.Rc1 Bxh2 64.Bd6 Ke6  0-1

[Event "US Chess League 2012"]
[Site "ICC INT"]
[Date "2012.10.18"]
[Round "7"]
[White "Gulamali,K"]
[Black "Benjamin,Joe"]
[Result "0-1"]
[WhiteElo "2307"]
[BlackElo "2530"]

1.e4 c6 2.d4 d5 3.f3 Qb6 4.Nc3 dxe4 5.Nxe4 Bf5 6.c3 Nd7 7.Bd3 e5 8.Ne2 exd4
9.Nxd4 Bg6 10.Bg5 Be7 11.Bxe7 Nxe7 12.Nd6+ Kf8 13.Nc4 Qc7 14.O-O Nc5 15.Bxg6 hxg6
16.f4 Rd8 17.Qg4 Nd5 18.Rad1 Kg8 19.Qf3 g5 20.g3 gxf4 21.Nf5 g6 22.Qg4 b5
23.Ncd6 Rxd6 24.Nxd6 Qxd6 25.Rxf4 Ne6 26.Rf2 Qc5 27.Rd2 Rh5 28.Kh1 Re5 29.Rfe2 Rf5
30.Re1 Kg7 31.Rde2 Nf6 32.Qh3 Ng5 33.Qg2 Ng4 34.h4 Nf2+ 35.Kh2 Nf3+  0-1

[Event "US Chess League 2012"]
[Site "ICC INT"]
[Date "2012.11.02"]
[Round "9"]
[White "Kekelidze,M"]
[Black "Benjamin,Joe"]
[Result "0-1"]
[WhiteElo "2488"]
[BlackElo "2530"]

1.c4 e5 2.g3 Nc6 3.Bg2 g6 4.Nc3 Bg7 5.d3 d6 6.Nf3 Nf6 7.O-O O-O 8.Bg5 h6
9.Bxf6 Bxf6 10.Rb1 a5 11.a3 Bg7 12.b4 axb4 13.axb4 Ne7 14.Qb3 Be6 15.Nd2 c6
16.Ra1 Rxa1 17.Rxa1 d5 18.cxd5 cxd5 19.Qa3 Nc6 20.b5 Nd4 21.Rb1 Qc7 22.Nxd5 Qc2
23.Qb4 Nxe2+ 24.Kf1 Bxd5 25.Kxe2 Bxg2 26.f3 Bxf3+ 27.Kxf3 Qxd3+ 28.Kg2 Qe2+
29.Kh3 Rd8 30.Nb3 e4 31.Re1 Qh5+ 32.Kg2 Qf3+ 33.Kh3 Rd5  0-1

[Event "US Amateur Team East 2013"]
[Site "Parsippany USA"]
[Date "2013.02.17"]
[Round "4"]
[White "Shen,V"]
[Black "Benjamin,Joe"]
[Result "0-1"]
[WhiteElo "2408"]
[BlackElo "2530"]

1.d4 Nf6 2.c4 g6 3.Nc3 Bg7 4.e4 d6 5.f3 O-O 6.Nge2 Nbd7 7.Be3 a6 8.Qd2 c5
9.Rd1 cxd4 10.Nxd4 e6 11.Nc2 d5 12.cxd5 exd5 13.exd5 Nb6 14.Be2 Re8 15.O-O Bf5
16.Nd4 Bd7 17.Bf2 Nbxd5 18.Nxd5 Nxd5 19.Bc4 Nb6 20.Bb3 a5 21.a3 Qf6 22.Rc1 Ba4
23.Bxa4 Nxa4 24.b3 Nb6 25.Nb5 Red8 26.Qe2 Nd5 27.Qc4 Bh6 28.Rce1 Nf4 29.Rd1 Rac8
30.Qa4 Rxd1 31.Rxd1 Qg5 32.Bg3 Ne2+ 33.Kf1 Rc1 34.b4 Qd2 35.Rxc1 Nxg3+ 36.hxg3 Qxc1+
37.Ke2 Qd2+  0-1

[Event "ch-USA 2013"]
[Site "Saint Louis USA"]
[Date "2013.05.04"]
[Round "2"]
[White "Benjamin,Joe"]
[Black "Hess,Ro"]
[Result "1-0"]
[WhiteElo "2534"]
[BlackElo "2595"]

1.e4 e5 2.Nf3 Nc6 3.Bb5 Nf6 4.Nc3 d6 5.Bxc6+ bxc6 6.d4 exd4 7.Nxd4 c5 8.Nc6 Qd7
9.Na5 Ba6 10.Qf3 Ng4 11.Bf4 Ne5 12.Qe3 f6 13.O-O-O Be7 14.Bg3 Nc6 15.Nxc6 Qxc6
16.Nd5 Bd8 17.Qb3 Qb7 18.Qxb7 Bxb7 19.Rhe1 Kd7 20.f3 Re8 21.Bf2 Bxd5 22.Rxd5 Kc6
23.Rh5 h6 24.Rd5 Rb8 25.h4 Re5 26.c4 Re8 27.h5 Rb4 28.b3 Be7 29.Be3 Bf8 30.Bd2 Rbb8
31.Kc2 Kd7 32.Bc3 Re6 33.Red1 Kc6 34.a3 Kb7 35.b4 c6 36.R5d3 cxb4 37.axb4 Ree8
38.Be1 Ka8 39.g4 d5 40.exd5 Bxb4 41.Bxb4 Rxb4 42.dxc6 Rxc4+ 43.Rc3 Rxc3+
44.Kxc3 Kb8 45.Rd7 Re6 46.Rb7+ Kc8 47.Rxg7 Rxc6+ 48.Kd4 a5 49.Ra7 Rb6 50.Rxa5 Kd7
51.Ra7+ Ke6 52.Rh7 Rb4+ 53.Ke3 Ke5 54.Rxh6 f5 55.g5 Rb3+ 56.Ke2 Rb2+ 57.Kd1 Kf4
58.g6 Rg2 59.Rh8 Kxf3 60.Rf8 f4 61.h6 Rg1+ 62.Kd2 Rg2+ 63.Kd3 Rxg6 64.h7 Rd6+
65.Kc3 Rc6+ 66.Kd3 Rd6+ 67.Kc3 Rc6+ 68.Kd4 Rd6+ 69.Ke5 Rh6 70.Rxf4+ Kg3 71.Rf7 Kg4
72.Rg7+ Kh5 73.Kf5 Kh4 74.Ra7  1-0

[Event "ch-USA 2013"]
[Site "Saint Louis USA"]
[Date "2013.05.05"]
[Round "3"]
[White "Gareev,T"]
[Black "Benjamin,Joe"]
[Result "1/2-1/2"]
[WhiteElo "2674"]
[BlackElo "2534"]

1.Nf3 Nf6 2.c4 e6 3.Nc3 Bb4 4.Qc2 O-O 5.a3 Bxc3 6.Qxc3 d6 7.d4 Nbd7 8.g3 b6
9.Bg2 Bb7 10.O-O a5 11.b3 Qe7 12.Bb2 Be4 13.Rfd1 c6 14.Rac1 Rfc8 15.Qe3 h6
16.Bh3 d5 17.Nd2 Bg6 18.Qf4 Nh5 19.Qe3 Nhf6 20.cxd5 cxd5 21.Rc3 Rxc3 22.Qxc3 Ne8
23.Rc1 Nd6 24.Qf3 Qg5 25.e3 Rc8 26.Rxc8+ Nxc8 27.Qe2 Nd6 28.f3 Qd8 29.e4 dxe4
30.Nxe4 Qc7 31.Kf2 Qc6 32.Bg2 Qd5 33.Qe3 Qc6 34.Qe2 Nxe4+ 35.fxe4 Nf6 36.e5 Nd5
37.Qc4 Qd7 38.Bf3 Kh7 39.h4 Kg8 40.h5 Bb1 41.Bc1 Ne7 42.g4 Nd5 43.Kg3 f5
44.exf6 Qd6+ 45.Kg2 Nxf6 46.Qe2 Nd5 47.Qb2 Bh7 48.Qd2 Qc7 49.g5 hxg5 50.Qxg5 Qc2+
51.Kg3 Qc7+ 52.Kf2 Qc2+ 53.Kg3 Qc7+ 54.Bf4 Nxf4 55.Qxf4 Qxf4+ 56.Kxf4 Bc2
57.b4 axb4 58.axb4 Kf7 59.Ke5 Ke7 60.Bg4 Bb3 61.Be2  1/2-1/2

[Event "ch-USA 2013"]
[Site "Saint Louis USA"]
[Date "2013.05.09"]
[Round "6"]
[White "Benjamin,Joe"]
[Black "Ramirez,Alej"]
[Result "0-1"]
[WhiteElo "2534"]
[BlackElo "2551"]

1.d4 Nf6 2.Nf3 c5 3.d5 g6 4.Nc3 Bg7 5.e4 d6 6.Bb5+ Bd7 7.a4 O-O 8.O-O Bg4
9.Re1 Na6 10.h3 Bxf3 11.Qxf3 Nc7 12.Bf1 Nd7 13.Bg5 a6 14.Qg3 h6 15.Bd2 Rb8
16.a5 b5 17.axb6 Rxb6 18.Na4 Rb8 19.Ba5 Qc8 20.c4 Ne8 21.Rab1 Nef6 22.Kh1 Nh5
23.Qe3 g5 24.g3 Ne5 25.Qe2 g4 26.hxg4 Nxg4 27.Bc3 Bd4 28.Bxd4 cxd4 29.Kg1 Nhf6
30.b3 Ne5 31.f4 Ng6 32.Qf3 Qg4 33.Be2 Qxf3 34.Bxf3 Rb4 35.c5 dxc5 36.Nxc5 Rc8
37.Nd3 Rb5 38.b4 Rc3 39.Rbd1 a5 40.bxa5 Rxa5 41.Re2 Raa3 42.Red2 Nd7 43.Be2 Nb6
44.Rb2 Nc4 45.Rb8+ Kg7 46.e5 Ra2 47.Bf1 Nd2 48.Kg2 Ne4+ 49.Kf3 Nf2 50.Rbb1 f5
51.exf6+ Kxf6 52.Rbc1 Nxd1 53.Rxd1 Rca3 54.Rb1 Ra1 55.Rb6+ Kg7 56.Be2 Ra6
57.Rb4 R1a4 58.Rb8 Rd6 59.Rb5 e6 60.Rb7+ Kf6 61.Nc5 Ra3+ 62.Kg4 h5+ 63.Kxh5 Rxd5+
64.Kh6 Rxc5  0-1

[Event "ch-USA 2013"]
[Site "Saint Louis USA"]
[Date "2013.05.11"]
[Round "8"]
[White "Holt,C"]
[Black "Benjamin,Joe"]
[Result "1-0"]
[WhiteElo "2513"]
[BlackElo "2534"]

1.d4 Nf6 2.c4 e6 3.Nf3 b6 4.g3 Bb4+ 5.Bd2 Bxd2+ 6.Qxd2 Bb7 7.Bg2 O-O 8.O-O d6
9.Nc3 Ne4 10.Nxe4 Bxe4 11.Qe3 Bb7 12.Qd3 Nd7 13.Ng5 Qxg5 14.Bxb7 Rad8 15.b4 c5
16.Qa3 Qd2 17.dxc5 dxc5 18.Qxa7 cxb4 19.Rad1 Qxe2 20.Bg2 Ne5 21.Rxd8 Rxd8
22.Qxb6 Rf8 23.c5 Qxa2 24.Qxb4 Qa7 25.Qb6 Qe7 26.Rd1 g5 27.c6 Rc8 28.Qb5 Qc7
29.Re1 f6 30.Qb3 Kf7 31.h3 Rd8 32.Qc2 Kg7 33.Rb1 Nf7 34.Rb7 Qd6 35.Bf3  1-0

[Event "ch-USA 2013"]
[Site "Saint Louis USA"]
[Date "2013.05.12"]
[Round "9"]
[White "Benjamin,Joe"]
[Black "Shankland,S"]
[Result "1/2-1/2"]
[WhiteElo "2534"]
[BlackElo "2612"]

1.e4 e5 2.Nf3 Nc6 3.Bb5 Nf6 4.O-O Nxe4 5.d4 Nd6 6.Bg5 Be7 7.Bxe7 Qxe7 8.Bxc6 dxc6
9.dxe5 Nf5 10.Nc3 O-O 11.Qd3 Be6 12.a3 Rad8 13.Qe4 a5 14.Rad1 h6 15.h3 Qc5
16.Rxd8 Rxd8 17.Rd1 Rxd1+ 18.Nxd1 Ne7 19.Nd4 Bd5 20.Qe3 Ng6 21.Nc3 b6 22.Nxd5 cxd5
23.e6 Qe7 24.b4 axb4 25.axb4 c5 26.bxc5 bxc5 27.exf7+ Qxf7 28.Ne6 c4 29.Nd4 Qf6
30.g3 Ne7 31.h4 Nf5 32.Nxf5 Qxf5 33.c3 Qf6 34.Kf1 Kh7 35.Ke2 Kh8 36.Qe8+ Kh7
37.Qe3 Kh8 38.Qe8+ Kh7 39.Qe3  1/2-1/2

[Event "135th ch-New York State"]
[Site "Albany USA"]
[Date "2013.08.31"]
[Round "1"]
[White "Benjamin,Joe"]
[Black "Taylor,S"]
[Result "1-0"]
[WhiteElo "2547"]
[BlackElo "2143"]

1.e4 e5 2.Nf3 Nc6 3.Bb5 a6 4.Ba4 d6 5.Bxc6+ bxc6 6.d4 f6 7.Be3 Ne7 8.Nc3 Ng6
9.Qe2 Be7 10.O-O-O Be6 11.h4 Qb8 12.h5 Nf4 13.Bxf4 exf4 14.d5 Bf7 15.dxc6 O-O
16.Nd4 Re8 17.Qg4 Bf8 18.Nd5 Kh8 19.h6 Bxd5 20.hxg7+ Bxg7 21.exd5 f5 22.Qg6 h6
23.Rxh6+  1-0

[Event "135th ch-New York State"]
[Site "Albany USA"]
[Date "2013.08.31"]
[Round "2"]
[White "Kwartler,L"]
[Black "Benjamin,Joe"]
[Result "0-1"]
[WhiteElo "2164"]
[BlackElo "2547"]

1.Nf3 Nf6 2.g3 d5 3.Bg2 c6 4.O-O Bg4 5.c4 e6 6.d4 Nbd7 7.cxd5 exd5 8.Nc3 Bd6
9.Bf4 Bxf4 10.gxf4 Nf8 11.Qd2 Ng6 12.Qe3+ Ne7 13.Ne5 Be6 14.Bh3 Qc8 15.Bxe6 Qxe6
16.Qf3 O-O 17.Rad1 Rae8 18.Kh1 Nf5 19.e3 Ne4 20.Qg2 Nh4 21.Qg4 Qxg4 22.Nxg4 f6
23.h3 Nd6 24.Rg1 h5 25.Nh2 Kh7 26.Rd2 Kh6 27.Rf1 g5 28.fxg5+ fxg5 29.Rdd1 Rf6
30.Rc1 Ref8 31.Kg1 Nc4 32.Rc2 Nf3+ 33.Nxf3 Rxf3 34.Nd1 Rxh3 35.Kg2 g4 36.b3 Nd6
37.Nc3 Nf5 38.Rh1 Rxe3 39.Ne2 Rf3 40.Rd2 Kg5 41.Ng1 Rf4 42.Ne2 Nh4+  0-1

[Event "135th ch-New York State"]
[Site "Albany USA"]
[Date "2013.09.01"]
[Round "4"]
[White "Stripunsky,A"]
[Black "Benjamin,Joe"]
[Result "1/2-1/2"]
[WhiteElo "2551"]
[BlackElo "2547"]

1.c4 e5 2.Nc3 Bb4 3.Qb3 Nc6 4.e3 Bxc3 5.Qxc3 Nf6 6.Nf3 d6 7.b4 O-O 8.Bb2 Re8
9.b5 Ne7 10.Be2 a6 11.a4 axb5 12.axb5 Rxa1+ 13.Bxa1 c5 14.bxc6 Nxc6 15.O-O Bg4
16.h3 Bh5 17.d3 Qd7 18.Rb1 Ra8 19.Qc2 h6 20.Bc3 Ra7 21.Rb5 Qe8 22.Qb3 Nd7
23.Qd1 Nf6 24.Bb2 Qd7 25.d4 e4 26.Nd2 Bxe2 27.Qxe2 d5 28.cxd5 Ne7 29.Qc4 Nc8
30.Qb3 Nd6 31.Rc5 Qa4 32.Rc3 Qxb3 33.Rxb3 b5 34.f3 exf3 35.gxf3 Nxd5 36.e4 Nf4
37.d5 Nc4 38.Nxc4 bxc4 39.Rb8+ Kh7 40.Be5 Nd3 41.Bd4 Ra2 42.d6 Rd2 43.d7  1/2-1/2